| 000 | 00395nam a22001097a 4500 | ||
|---|---|---|---|
| 100 |
_aMoiez Mahmood Muhammad Hamza Sajjad Abbasi Muhammad Ehsan Ullah Sikandar Zame _972917 |
||
| 245 | _aPR-SOF-1862-MedOpt-Medical Benefit Optimizer | ||
| 260 |
_aISLAMABAD _bNUST COLLEGE OF EME _c2020 |
||
| 650 |
_a DE-COMP-38 _972918 |
||
| 700 | _aSupervisor Dr Shoab Ahmed Khan & Dr Wasi Haider Butt | ||
| 942 | _cCR | ||
| 999 |
_c578879 _d578879 |
||